Miasta Europy mające większą populacje od Warszawy -Nagła śmierć - Statystyki

Ogólne statystyki
  • Ten quiz został rozwiązany 49 razy
  • Średni wynik to 3 z 13
Answers on the Grid
Answers color-coded by a green-red scale on the quiz's grid according to % correct below.
Stambuł
Barcelona
Mediolan
Rzym
Wenecja
Praga
Duisburg
Moskwa
Londyn
St Petersburg
Sofia
Paryż
Kijów
Sztokholm
Wiedeń
Amsterdam
Budapeszt
Kopenhaga
Monachium
Mallorca
Madryt
Berlin
Ateny
Sofia
Charków
Saloniki
Bukareszt
Oslo
Hamburg
Helsinki
 
Statystyki odpowiedzi
Odpowiedź % Poprawnych
Stambuł
86%
Rzym
41%
Paryż
28%
Londyn
24%
Moskwa
24%
Kijów
17%
Madryt
17%
Berlin
14%
St Petersburg
14%
Wiedeń
14%
Bukareszt
10%
Hamburg
7%
Budapeszt
3%
Nie znaleziono quizów pasujących do podanych kryteriów
Rozkład punktacji
Procent ludzi z każdym wynikiem
Percentyl według liczby udzielonych odpowiedzi
Twoja historia wyników
Nie rozwiązałeś tego quizu